000 00725nam a2200265 i 4500
001 C2-0327884
003 PPAK
005 20180728125424.0
008 140713s2010 my a|||| ||||| | may d
020 _a9789675177026
040 _aPPAK
_beng
_cPPAK
_erda
082 0 4 _a899.233
_223
090 0 0 _a899.233
_bSYE
_dK
100 0 _aSyed Mahadzir,
_eauthor
245 1 0 _aAkob & Akib
264 1 _aBatu Caves, Selangor :
_bEdaran Resources ,
_c2010
300 _a16 pages :
_bcolour illustrations ;
_c24 cm
336 _2rdacontent
_atext
337 _2rdamedia
_aunmediated
338 _2rdacarrier
_avolume
490 1 _aSiri moral
650 1 0 _aChildren's stories, Malay.
830 0 _aSiri moral
942 _ddc
_cB
999 _c127412
_d127412